000 02740cam a2200577 i 4500
001 sjds541465
003 sjds
005 20180805213249.0
008 130821s2013 txua c 000 1 eng
010 _a 2013029125
020 _a9781558857766 (paperback : alk. paper)
020 _a1558857761 (paperback : alk. paper)
035 _a(OCoLC)840460783
040 _aDLC
_beng
_erda
_cDLC
_dBTCTA
_dBDX
_dOCLCO
_dNYP
_dSAP
_dIFA
_dUtOrBLW
041 1 _aeng
_aspa
_heng
049 _aIFAA
099 _aCHILDREN ESPANOL FICTION SALDANA
100 1 _aSaldaña, René,
_eauthor.
245 1 3 _aEl misterio del malvado marcador = The mystery of the mischievous marker /
_cpor/by René Saldaña, Jr. ; traducción al español de Carolina Villarroel.
246 3 _aThe mystery of the mischievous marker
246 3 _aMystery of the mischievous marker
260 _aHouston, TX :
_bPiñata Books, an imprint of Arte Público Press, University of Houston,
_c[2013]
264 1 _aHouston, TX :
_bPiñata Books, an imprint of Arte Público Press, University of Houston,
_c[2013]
300 _a38, 38 pages :
_billustrations ;
_c22 cm.
336 _atext
_btxt
_2rdacontent
337 _aunmediated
_bn
_2rdamedia
338 _avolume
_bnc
_2rdacarrier
490 1 _aMickey Rangel mystery
490 0 _aColección Mickey Rangel, detective privado =
_aColección Mickey Rangel, detective privado
500 _aNo collective title page. Title from individual title page.
500 _aText bound together, back-to-back and inverted.
520 _aSchool principal Mrs. Abrego and nemesis Bucho both ask detective Mickey Rangel to help unmask the vandal who has been writing messages all over the school walls.
520 _aEl director del colegio La señora Abrego y némesis Bucho tanto piden detective Mickey Rangel para ayudar a desenmascarar al vandalismo que ha estado escribiendo mensajes por todas las paredes de la escuela.
521 8 _a760
_bLexile
526 0 _aAccelerated Reader
_bMG
_c4.9
_d1.0
_z163966
546 _aText in English and Spanish.
650 0 _aVandalism
_vJuvenile fiction.
650 0 _aGraffiti
_vJuvenile fiction.
650 0 _aSchools
_vJuvenile fiction.
650 0 _aSpanish language materials
_xBilingual.
650 7 _aVandalismo
_vNovela juvenil.
_2qlsp
650 7 _aGrafiti
_vNovela juvenil.
_2qlsp
650 7 _aEscuelas
_vNovela juvenil.
_2bidex
650 7 _aNovela policíaca.
_2bidex
700 1 2 _aSaldaña, René.
_tMystery of the mischievous marker.
700 1 2 _aSaldaña, René.
_tMystery of the mischievous marker.
_lSpanish.
700 1 _aVillarroel, Carolina,
_d1971-
_etranslator.
800 1 _aSaldaña, René.
_tMickey Rangel mystery.
942 _cBK
949 _aPolaris526
999 _c16254
_d16254